Sports Quiz

Random Sports or Baseball Quiz

MLB - Most at bats for which team? Quiz Stats

Quiz not verified by Sporcle

Challenge
Share
Tweet
Embed
Score 0/40 Timer 15:00
0 Plays Today
Player Team % Correct
Joe Morgan???
93.2%
Kirk Gibson???
87.5%
Brett Boone???
87.5%
Rafael Palmeiro???
84.1%
Gary Carter???
81.8%
Reggie Jackson???
81.8%
Rod Carew???
80.7%
Tino Martinez???
79.5%
Mike Cameron???
75%
Dave Parker???
73.9%
Larry Walker???
72.7%
Roberto Alomar???
69.3%
Mike Piazza???
67%
Don Baylor???
67%
Frank Robinson???
64.8%
Mickey Tettleton???
64.8%
Jason Giambi???
61.4%
Jermaine Dye???
60.2%
Edgar Renteria???
60.2%
Joe Carter???
58%
Player Team % Correct
Ken Caminiti???
58%
Fred McGriff???
56.8%
B.J. Surhoff???
52.3%
Steve Finley???
51.1%
Scott Rolen???
50%
Moises Alou???
48.9%
Dave Winfield???
48.9%
Tom Goodwin???
45.5%
J.D. Drew???
45.5%
Carlos Lee???
44.3%
Brian Giles???
42%
Craig Counsell???
42%
Gary Sheffield???
40.9%
Ryan Klesko???
38.6%
Brett Butler???
35.2%
Randy Winn???
35.2%
Buddy Bell???
35.2%
Tony Phillips???
33%
Darrell Evans???
18.2%
Gregg Jefferies???
15.9%

You're not logged in!

Compare scores with friends on all Sporcle quizzes.
Sign Up with Email
OR
Log In

You Might Also Like...

Show Comments

Extras

Top Quizzes Today


Score Distribution

Your Account Isn't Verified!

In order to create a playlist on Sporcle, you need to verify the email address you used during registration. Go to your Sporcle Settings to finish the process.